000 00232nam a22001217a 4500
040 _cSK
082 _a363
100 _aFAO
245 _aRisk management and food safety
260 _aROOM
_bFAO
_c1997
300 _a27p.
942 _cEK
999 _c8848
_d8848